| 000 | 00729nam a2200301Ia 4500 | ||
|---|---|---|---|
| 001 | Z_4221 | ||
| 003 | CHAP | ||
| 008 | 220113s2004 xx 000 0 und d | ||
| 010 | _a167285 | ||
| 040 | _cCHAP | ||
| 082 | _a638.12 P6 | ||
| 100 |
_aPozo, Eduardo del _991204 |
||
| 245 |
_aCría de abejas su empresa de apicultura / _cpor Eduardo del Pozo y Roberto Schopflocher |
||
| 260 |
_aBuenos Aires : _bAlbatros, _c2004 |
||
| 300 | _a190 p. | ||
| 440 | _a | ||
| 500 | _a | ||
| 503 | _aC/E | ||
| 650 |
_aAbejas _9182 |
||
| 650 |
_aApicultura _96241 |
||
| 650 |
_aColmenas I. Schopflocher, Roberto _9141456 |
||
| 901 | _a638.12 P6 | ||
| 902 | _aA | ||
| 910 | _a2004 | ||
| 942 | _c1 | ||
| 942 | _cc1 | ||
| 999 |
_c167285 _d167285 |
||